My years with Gorbachev and Shevardnadze : (Record no. 949)

000 -LEADER
fixed length control field 01450nam a22003617a 4500
001 - CONTROL NUMBER
control field 3525010
003 - CONTROL NUMBER IDENTIFIER
control field OSt
005 - DATE AND TIME OF LATEST TRANSACTION
control field 20210426110917.0
008 - FIXED-LENGTH DATA ELEMENTS--GENERAL INFORMATION
fixed length control field 960523s1997 pauaf 001 0aeng
010 ## - LIBRARY OF CONGRESS CONTROL NUMBER
LC control number 96025686
020 ## - INTERNATIONAL STANDARD BOOK NUMBER
International Standard Book Number 0271016035 (acidfree paper)
040 ## - CATALOGING SOURCE
Original cataloging agency DLC
Transcribing agency DLC
Modifying agency DLC
043 ## - GEOGRAPHIC AREA CODE
Geographic area code e-ur---
050 00 - LIBRARY OF CONGRESS CALL NUMBER
Classification number DK290.3.P35
Item number A3 1997
080 ## - UNIVERSAL DECIMAL CLASSIFICATION NUMBER
Universal Decimal Classification number 94
Item number P-17
082 00 - DEWEY DECIMAL CLASSIFICATION NUMBER
Classification number 947.085/4
Edition number 20
100 1# - MAIN ENTRY--PERSONAL NAME
Personal name Palazhchenko, P.
Fuller form of name (Pavel)
245 10 - TITLE STATEMENT
Title My years with Gorbachev and Shevardnadze :
Remainder of title the memoir of a Soviet interpreter /
Statement of responsibility, etc. Pavel Palazchenko ; with a foreword by Don Oberdorfer.
260 ## - PUBLICATION, DISTRIBUTION, ETC.
Place of publication, distribution, etc. University Park, Pa. :
Name of publisher, distributor, etc. Pennsylvania State University Press,
Date of publication, distribution, etc. c1997.
300 ## - PHYSICAL DESCRIPTION
Extent xviii, 394 p., [16] p. of plates :
Other physical details ill. ;
Dimensions 24 cm.
500 ## - GENERAL NOTE
General note Includes index.
600 10 - SUBJECT ADDED ENTRY--PERSONAL NAME
Personal name Palazhchenko, P.
Fuller form of name (Pavel)
600 10 - SUBJECT ADDED ENTRY--PERSONAL NAME
Personal name Gorbachev, Mikhail Sergeevich,
Dates associated with a name 1931-
General subdivision Friends and associates.
600 10 - SUBJECT ADDED ENTRY--PERSONAL NAME
Personal name Shevardnadze, Ė. A.
Fuller form of name (Ėduard Amvrosievich),
Dates associated with a name 1928-2014
General subdivision Friends and associates.
650 #0 - SUBJECT ADDED ENTRY--TOPICAL TERM
Topical term or geographic name entry element Translators
Geographic subdivision Soviet Union
General subdivision Biography.
651 #0 - SUBJECT ADDED ENTRY--GEOGRAPHIC NAME
Geographic name Soviet Union
General subdivision History
Chronological subdivision 1985-1991.
653 ## - INDEX TERM--UNCONTROLLED
Uncontrolled term ისტორია
700 1# - ADDED ENTRY--PERSONAL NAME
Personal name Oberdorfer, Don.
856 42 - ELECTRONIC LOCATION AND ACCESS
Materials specified Book review (H-Net)
Uniform Resource Identifier <a href="http://www.h-net.org/review/hrev-a0a9n5-aa">http://www.h-net.org/review/hrev-a0a9n5-aa</a>
906 ## - LOCAL DATA ELEMENT F, LDF (RLIN)
a 7
b cbc
c orignew
d 1
e ocip
f 19
g y-gencatlg
942 ## - ADDED ENTRY ELEMENTS (KOHA)
Source of classification or shelving scheme
Koha item type Books
Holdings
Withdrawn status Lost status Source of classification or shelving scheme Damaged status Not for loan Permanent location Current location Date acquired Inventory number Total Checkouts Full call number Barcode Date last seen Price effective from Koha item type
          Ken Walker International University Ken Walker International University 01/27/2021 2415   94 P-17 2415 01/27/2021 01/27/2021 Books

Powered by Koha